000
00274nam a2200085Ia 4500
008
220120s9999||||xx |||||||||||||| ||und||
100
_a
Shwetha, M. D and Swathi, B. P
_9
12203
245
0
_a
Online student tracking system
260
_a
Coorg Institute of Technology
_b
Ponnampet
_c
2009
999
_c
137789
_d
137789